| 000 | 00455nam a2200157Ia 4500 | ||
|---|---|---|---|
| 008 | 230312s9999||||xx |||||||||||||| ||und|| | ||
| 020 | _a8174390278 | ||
| 082 |
_a658.4 _bCAL |
||
| 100 | _aCaldwell, Hardy | ||
| 245 | 0 | _aHiring Excellence | |
| 260 |
_bVelocity business publishing _aBristel USA _c2000 |
||
| 300 | _a95 | ||
| 546 | _aEng. | ||
| 650 |
_aManagement _vFind and screen candidates, Interview assess and choose, plan r hiring stretegy |
||
| 942 | _cBK | ||
| 999 |
_c644 _d644 |
||